| 000 -CABECERA |
| Longitud fija campo de control |
00797nam a22002417a 4500 |
| 003 - IDENTIFICADOR DEL NÚMERO DE CONTROL |
| Identificador del número de control |
OSt |
| 005 - FECHA Y HORA DE LA ÚLTIMA TRANSACCIÓN |
| Fecha y hora de la última transacción |
20170124151325.0 |
| 008 - CÓDIGOS DE INFORMACIÓN DE LONGITUD FIJA |
| Códigos de información de longitud fija |
170124s2017 sp |||| |||||0|1 0 spa|d |
| 020 ## - NÚMERO INTERNACIONAL NORMALIZADO PARA LIBROS |
| Número Internacional Normalizado para Libros (ISBN) |
9788441538511 |
| 040 ## - FUENTE DE LA CATALOGACIÓN |
| Lengua de catalogación |
cat |
| Centro transcriptor |
CDMR |
| 100 1# - PUNTO DE ACCESO PRINCIPAL-NOMBRE DE PERSONA |
| Nombre de persona |
Hernández Dauder, María Ángeles |
| 245 10 - MENCIÓN DE TÍTULO |
| Título |
Marketing digital |
| Resto del título |
: mobile marketing, SEO y analítica web |
| Mención de responsabilidad, etc. |
Mª Ángeles Hernández Dauder, José María Estrade Nieto, David Jordán Soro |
| 250 ## - MENCIÓN DE EDICIÓN |
| Mención de edición |
Edición 2017 |
| 260 ## - PUBLICACIÓN, DISTRIBUCIÓN, ETC. (PIE DE IMPRENTA) |
| Lugar de publicación, distribución, etc. |
Madrid : |
| Nombre del editor, distribuidor, etc. |
Anaya Multimedia, |
| Fecha de publicación, distribución, etc. |
cop. 2017 |
| 300 ## - DESCRIPCIÓN FÍSICA |
| Extensión |
383 p. : |
| Otras características físicas |
il., gràf. ; |
| Dimensiones |
23 cm |
| 500 ## - NOTA GENERAL |
| Nota general |
Índex |
| 650 #7 - PUNTO DE ACCESO ADICIONAL DE MATERIA - TÉRMINO DE MATERIA |
| Término de materia o nombre geográfico como elemento inicial |
Màrqueting per Internet |
| 650 #7 - PUNTO DE ACCESO ADICIONAL DE MATERIA - TÉRMINO DE MATERIA |
| Término de materia o nombre geográfico como elemento inicial |
Cercadors d'Internet |
| Fuente del encabezamiento o término |
lemac |
| 650 #7 - PUNTO DE ACCESO ADICIONAL DE MATERIA - TÉRMINO DE MATERIA |
| Término de materia o nombre geográfico como elemento inicial |
Pàgines web |
| Subdivisión de materia general |
Avaluació |
| 700 1# - PUNTO DE ACCESO ADICIONAL - NOMBRE DE PERSONA |
| Nombre de persona |
Estrade Nieto, José María |
| 700 1# - PUNTO DE ACCESO ADICIONAL - NOMBRE DE PERSONA |
| Nombre de persona |
Jordán Soro, David |
| 942 ## - ENTRADA DE ELEMENTOS AGREGADOS (KOHA) |
| Koha [por defecto] tipo de item |
Monografies |